"This Is What Makes Us Girls" - All Lyrics (Lana Del Rey) - Statistics

General Stats
  • This quiz has been taken 25 times
  • The average score is 256 of 430
Answer Stats
Lyrics % Correct
I
100%
is
100%
a
88%
A
88%
all
88%
girls
88%
guys
88%
guys"
88%
had
88%
how
88%
make
88%
makes
88%
night?
88%
night
88%
out,
88%
out
88%
party
88%
Remember
88%
This
88%
to
88%
us
88%
used
88%
we
88%
We
88%
what
88%
and
75%
And
75%
hate
75%
heaven
75%
"Hi,
75%
hi"
75%
in
75%
it
75%
it,
75%
"Lana,
75%
of
75%
on
75%
on,
75%
sixteen
75%
Sweet
75%
the
75%
The
75%
those
75%
up
75%
with
75%
arrived
63%
Blue
63%
Don't
63%
don't
63%
down
63%
eyes
63%
for
63%
for,
63%
"Get
63%
get
63%
go
63%
hot,
63%
hot"
63%
life,
63%
look
63%
never
63%
real
63%
Ribbon
63%
said
63%
she
63%
taste
63%
that
63%
There
63%
they
63%
They
63%
Walkin'
63%
we'd
63%
were
63%
we're
63%
where
63%
about
50%
alive
50%
as
50%
at
50%
Bambi
50%
best
50%
bikini
50%
black
50%
cars
50%
cause
50%
cry,
50%
cry
50%
curse
50%
dancin'
50%
die
50%
Drinkin'
50%
drinkin'
50%
ever
50%
first
50%
friend
50%
fun
50%
hand,
50%
heels
50%
her
50%
High
50%
I'm
50%
into
50%
it's
50%
It's
50%
little
50%
love
50%
mascara
50%
my
50%
new
50%
police
50%
put
50%
runnin'
50%
Runnin'
50%
Screamin',
50%
senior
50%
Sneakin'
50%
Somethin'
50%
somethin'?
50%
Stealin'
50%
streets
50%
table
50%
Teachers
50%
too
50%
tops
50%
was,
50%
was
50%
when
50%
while
50%
whistle,
50%
Yo,
50%
you
50%
Baby's
38%
beginning
38%
begun
38%
boss
38%
break
38%
Cherry
38%
cops
38%
end
38%
Everybody
38%
friends
38%
from
38%
got
38%
him,
38%
him
38%
hotel
38%
ice)
38%
job
38%
knew
38%
know
38%
local
38%
lookin'
38%
much
38%
only
38%
our
38%
small
38%
starts
38%
stick
38%
that's
38%
together
38%
town
38%
train
38%
trouble,
38%
wind
38%
back
25%
bad,
25%
(Come
25%
comin'
25%
crowd
25%
Cryin'
25%
dive
25%
fire
25%
Glimmerin',
25%
gonna
25%
hair
25%
happen
25%
happen,
25%
light
25%
Oh,
25%
oh
25%
platform
25%
prettiest
25%
school
25%
seen
25%
shot)
25%
skippin'
25%
stuff
25%
swayin'
25%
swim
25%
take
25%
wavin'
25%
away,
13%
beauty
13%
degenerate
13%
freshmen
13%
generation
13%
gleamed
13%
mean
13%
names
13%
(Pabst
13%
pink
13%
queens
13%
Ribbons
13%
Schnapps
13%
sent
13%
spotlight
13%
velvet
13%
Cheerin'
0%
No matching quizzes found
Score Distribution
Percent of People with Each Score
Percentile by Number Answered
Your Score History
You have not taken this quiz